Normal view
MARC view
- Electronics
Entry Topical Term
001 - CONTROL NUMBER
- control field: 56047
003 - CONTROL NUMBER IDENTIFIER
- control field: NUST
005 - DATE AND TIME OF LATEST TRANSACTION
- control field: 20210628201624.0
008 - FIXED-LENGTH DATA ELEMENTS
- fixed length control field: 210628|| aca||aabn | a|a d
040 ## - CATALOGING SOURCE
- Original cataloging agency: NUST
- Transcribing agency: NUST
150 ## - HEADING--TOPICAL TERM
- Topical term or geographic name entry element: Electronics
- General subdivision: Amateurs' manuals
670 ## - SOURCE DATA FOUND
- Source citation: Work cat.: (NUST): McComb, Gordon. 35917, Gordon McComb's gadgeteer's goldmine! : 55 space-age projects, c1990.
